000 00952nab a22002177a 4500
999 _c5744
_d5744
003 OSt
005 20260101204021.0
008 190514b xxu||||| |||| 00| 0 spa d
040 _cPJ
100 _96662
_aNarda, Karina del Valle
245 1 0 _aAlimentos a cargo de abuela paterna :
_bvulnerabilidades afectadas y enfrentadas. Soluciones salomónicas /
_cKarina del Valle Narda.
300 _ap. 115-119
500 _aCita: TR LALEY AR/DOC/450/2025.
505 _aFallo comentado: Juz. Fam. y Pen. de Niños, Niñas y Adol., Federal, Entre Ríos ~ 16/08/2024 ~ R. R. c. V. A. C. s/ incidente aumento cuota alimentaria.
650 0 _9967
_aDERECHO DE FAMILIA
650 0 _9968
_aALIMENTOS
650 0 _93829
_aABUELOS
650 0 _91057
_aJURISPRUDENCIA APLICABLE
773 0 _02844
_93222
_dBuenos Aires : AbeledoPerrot, 1989-
_tDerecho de familia. Revista Interdisciplinaria de doctrina y jurisprudencia. Abril 2025-II.
_z18511201
942 _2udc
_cANA